000 00348nam a2200145Ia 4500
008 230917s9999||||xx |||||||||||||| ||und||
040 _e155868
_aMAIN
041 _aEnglish
082 _aB N315G:P
100 _aGujrati, B S
245 0 _aPrime ministers of India
260 _aDelhi
_bMetropalitan Book Co
_c1967
300 _a72 p.
942 _cBK
999 _c72688
_d72688